| 000 | 00529nam a22002057a 4500 | ||
|---|---|---|---|
| 999 |
_c458800 _d458800 |
||
| 001 | 5150503 | ||
| 003 | UA-OsUOA | ||
| 005 | 20200409101936.0 | ||
| 008 | 200409b un ||||| |||| 00| 0 ukr d | ||
| 040 |
_aUA-OsUOA _bukr _cUA-OsUOA _dUA-OsUOA |
||
| 041 | _aukr | ||
| 080 | _a8/21.161.1 | ||
| 090 |
_a821.161.1 _bП42 |
||
| 245 |
_aПовести наших дней _cСост. В. С. Логачев |
||
| 260 |
_aДонецк _bДонбас _c1975 |
||
| 300 | _a269 с | ||
| 650 | _2821 | ||
| 942 |
_2udc _cBK |
||
| 955 | _a3 | ||